• 首页
  • 本馆介绍
  • 公告通知
  • 最新文献
  • 馆藏检索
  • 电子资源
  • 读者导购
  • 参考咨询
  • 我的图书馆
  • 登录
  • 详细信息显示
  • 放入我的书架
  • 预约/预借图书
  • 作者相关作品
  • 分类相关作品
  • 丛书相关作品
  • 出版社相关作品

书目信息

  • 表格格式
  • 工作单格式
  • 卡片格式
题名:
摄影手册
    
 
作者: 贺修桂 编写
分册:  
出版信息: 北京   中国摄影出版社  1983.12
页数: 587页
开本: 20cm
丛书名:
单 册:
中图分类: TB8-62
科图分类:
主题词: 摄影技术--手册
电子资源:
ISBN:
000 00490nam0 2200181 45
001 0312221749
005 20070922171102.09
010    @dCNY2.20
100    @a20031222d1983 km y0chiy0120 ea
101    @achi
200 1  @a摄影手册@AShe Ying Shou Ce@f贺修桂等编写@FHe Xiu Gui Deng Bian Xie
210    @a北京@c中国摄影出版社@d1983.12
215    @a587页@c单页插@d20cm
606 0  @a摄影技术@x手册
690    @aTB8-62@v3
701 0  @a贺修桂@4编写
801    @aCN@bTSTCL@c20070922
905    @dTB8-62@e45
    
    摄影手册/贺修桂等编写.-北京:中国摄影出版社,1983.12
    587页:单页插;20cm
    
    
    ISBN :CNY2.20
    
●
相关链接 在E读中查询图书 在五车中查询图书 在当当中查询图书 在豆瓣中查询图书


正题名:摄影手册     索取号:TB8-62/45         预约/预借

序号 登录号 条形码 馆藏地/架位号 状态 备注
1 0106704   001360422   第三借阅区/ [索取号:TB8-62/45] 在馆    
2 0156694   001360397   工具书阅览室/ [索取号:TB8-62/45] 在馆    
3 0156695   001360388   第三借阅区/ [索取号:TB8-62/45] 在馆    
4 0156696   001655523   第二样本阅览室/ [索取号:TB8-62/45] 在馆    
5 626088   206260883   密集书库/ [索取号:TB8-62/45] 在馆    
唐山师范学院图书馆 欢迎您!
大连网信软件有限公司© 版权所有